| 000 | 01614nam0a2200313 4500 | ||
|---|---|---|---|
| 001 | RU\NLR\BIBL_A\016297869 | ||
| 005 | 20250810074820.0 | ||
| 035 | _a(NLR Aleph) 016297869 | ||
| 090 |
_a13314146 _c13314146 |
||
| 100 | _a20230227d1941 m y0rusy50 ca | ||
| 101 | 0 |
_adar _crus |
|
| 102 | _aRU | ||
| 105 | _ay z 000 y | ||
| 181 | 0 |
_ai _baxxe |
|
| 182 | 0 | _an | |
| 200 | 1 |
_aДергъла аги-хIяланазиб политико-просветительное учреждениебала хIянчи _eклубунас, библиотекабас, изба-читальнябас, культурала юртанас инструктивный материал _fРСФСР-ла НКП-ла Политпресвет хIянчила управление |
|
| 203 |
_aТекст _bвизуальный _cнепосредственный |
||
| 210 |
_aМахачкала _cДаг. гос. изд-во _d1941 |
||
| 215 | _a24,[1] с. | ||
| 541 | 1 |
_aРабота политико-просветительных учреждений в условиях военного времени _eинструктивный материал для клубов, библиотек, изб-читален, домов культуры _zrus |
|
| 606 | 1 |
_aКультурно-просветительная работа _9997311 _3RU\NLR\AUTH\6659868 |
|
| 686 | 1 | _aЧ714(2)7 | |
| 852 |
_aNLR _bОНЛ _jДарг./2-93 |
||
| 852 |
_aNLR _bОНЛ _jДарг./2-93 |
||
| 942 | _cBOOK | ||
| 945 | _aРоссийская национальная библиотека | ||
| 980 | _aBV | ||
| 980 | _aNB | ||